| 000 | 00722nam a2200253Ia 4500 | ||
|---|---|---|---|
| 003 | OSt | ||
| 005 | 20220918212135.0 | ||
| 006 | a|||||r|||| 00| 0 | ||
| 007 | ta | ||
| 008 | 220917b |||||||| |||| 00| 0 eng d | ||
| 024 | _a127,407 | ||
| 037 | _cTextual | ||
| 040 |
_aARTS _cARTS _beng |
||
| 041 |
_2eng _aeng |
||
| 082 | _aX.1.N7, L9 | ||
| 100 |
_aGordon Lincoln _9122625 |
||
| 245 | 0 | _aGrowth policies and the international order | |
| 260 |
_aNew York _bMcGraw-Hill Book Co. _c1979 |
||
| 300 |
_axvi,183p. 12 tables _ccm. |
||
| 490 | _a1980s project studies/council on foreign relations; 1 | ||
| 650 | _aECONOMICS | ||
| 942 |
_hX.1.N7, L9 _cTEXL _2CC |
||
| 999 |
_c250549 _d250549 |
||